000 00910nam a2200289 a 4500
003 AR-BaBNM
005 20251128205319.0
008 082120s2002 ||||||||||||||000 | spa||
020 _a950-507-485-9
040 _cAR-BaBNM
245 0 0 _aAnimación de proyectos educativo pastorales
_bmódulo tres : saber animar
260 _aBuenos Aires
_bCIPE
_bBonum
_c1997
300 _a89 p.
_bdiagr., tablas
500 _aCIPE: CENTRO DE INVESTIGACION Y PROMOCION DE LA EDUCACION
650 4 _aANIMADORES DE GRUPOS DE ADULTOS
650 4 _aMETODOS DE ANIMACION
650 4 _aEDUCACION CRISTIANA
650 4 _aGRUPOS RELIGIOSOS
650 4 _aANIMADORES DE GRUPOS DE JOVENES
650 4 _aCONDUCTA DEL GRUPO
650 4 _aCRISTIANISMO
650 4 _aSISTEMAS SOCIALES
700 1 _aCambours de Donini, Ana María
_ecoordinador
700 1 _aIantorno, Mario
_eprologuista
942 _cBK
998 _cSILVI
999 _c10880
_d10880